Lógica, lingüística y matemáticas

Uloženo v:
Podrobná bibliografie
Hlavní autor: Serrano, Sebastián (Autor)
Médium: Kniha
Jazyk:španělština
Vydáno: Barcelona Anagrama 1977
Témata:
Tagy: Přidat tag
Žádné tagy, Buďte první, kdo vytvoří štítek k tomuto záznamu!

MARC

LEADER 00000nam a2200000 a 4500
001 UCQ2431
003 CL-VaPUC
008 980724e19770000SP |||||||||||||||||spa|d
082 0 4 |a 401.51  |b SER  |2 21 
100 0 |a Serrano, Sebastián  |e author  |9 416349 
245 1 0 |a Lógica, lingüística y matemáticas 
300 |a 233 p 
942 |c BK 
945 |d 19980724 00:00:00  |a crobeson 
260 |a Barcelona  |b Anagrama  |c 1977 
650 0 |a Lógica  |9 256849 
650 0 |a Lógica matemática   |9 262442 
650 0 |a Lógica simbólica   |9 269868 
650 7 |a LINGUISTICA MATEMATICA  |2 CL-VaPUC  |9 270484 
650 0 |a Teoría de conjuntos   |9 265668 
650 0 |a Inducción  |9 324566 
650 0 |a Gramática  |9 270497 
583 |a last modification  |c 19980724 00:00:00  |k Rodrigo Vera 
999 |c 273255  |d 273253 
952 |0 0  |1 0  |4 0  |6 401_510000000000000_SER_1977  |7 0  |8 A  |9 308666  |a FDOPOS  |b FDOPOS  |d 2019-11-20  |i 4318536  |o 401.51 SER 1977  |p 4318536  |r 2025-01-22  |w 2019-11-20  |y BK  |k MLA